Principles & Practice Of Management (Record no. 18606)

MARC details
000 -LEADER
fixed length control field 00376nam a2200145Ia 4500
008 - FIXED-LENGTH DATA ELEMENTS--GENERAL INFORMATION
fixed length control field 221030s9999 xx 000 0 und d
020 ## - INTERNATIONAL STANDARD BOOK NUMBER
ISBN 9351611813
041 ## - LANGUAGE CODE
Language code of text/sound track or separate title
100 ## - MAIN ENTRY--AUTHOR NAME
Personal name L. M. Prasad
245 #0 - TITLE STATEMENT
Title Principles & Practice Of Management
Statement of responsibility, etc by L. M. Prasad
260 ## - PUBLICATION, DISTRIBUTION, ETC. (IMPRINT)
Name of publisher Sultan chand & Sons
Place of publication New Delhi
Year of publication 2021
300 ## - PHYSICAL DESCRIPTION
Number of Pages 536
650 ## - SUBJECT ADDED ENTRY--TOPICAL TERM
Topical Term Management
942 ## - ADDED ENTRY ELEMENTS (KOHA)
Koha item type Books
Holdings
Accession Number Cost, normal purchase price Bill Date Source of acquisition Price effective from Koha item type Withdrawn / writtenoff status Materials specified (bound volume or other part) Damaged status Not for loan Permanent Location Current Location Shelving location Date acquired Lost/ Missing status department
BBA 34 495.00 14 RKB 10/30/2022 Books   Print   Not For Loan MIET Library, Jammu MIET Library, Jammu BL-Academic Block B, FL-2, CUP-173, SH-1, R-1 08/07/2021   BBA
BBA 35 495.00 14 RKB 10/30/2022 Books   Print     MIET Library, Jammu MIET Library, Jammu BL-Academic Block B, FL-2, CUP-139, SH-4, R-4 08/07/2021   BBA
BBA 36 495.00 14 RKB 10/30/2022 Books   Print     MIET Library, Jammu MIET Library, Jammu BL-Academic Block B, FL-2, CUP-139, SH-4, R-4 08/07/2021   BBA
B.COM 41 495.00 15 RKB 10/30/2022 Books   Print     MIET Library, Jammu MIET Library, Jammu 192/4 08/09/2021   B.COM
B.COM 42 495.00 15 RKB 10/30/2022 Books   Print   Not For Loan MIET Library, Jammu MIET Library, Jammu 192/2 08/09/2021   B.COM
B.COM 43 495.00 15 RKB 10/30/2022 Books   Print     MIET Library, Jammu MIET Library, Jammu 139/4 08/09/2021   B.COM
B.COM 44 495.00 15 RKB 10/30/2022 Books   Print     MIET Library, Jammu MIET Library, Jammu 191/5 08/09/2021   B.COM
B.COM 45 495.00 15 RKB 10/30/2022 Books   Print     MIET Library, Jammu MIET Library, Jammu 191/5 08/09/2021   B.COM
B.COM 46 495.00 15 RKB 10/30/2022 Books   Print     MIET Library, Jammu MIET Library, Jammu 191/3 08/09/2021   B.COM